[Event "AI Cup Div 2 W"]
[Site "chess.com INT"]
[Date "2023.09.25"]
[Round "1.1"]
[White "Caruana, Fabiano"]
[Black "Gledura, Benjamin"]
[Result "1-0"]
[WhiteTitle "GM"]
[BlackTitle "GM"]
[WhiteElo "2786"]
[BlackElo "2633"]
[WhiteFideId "2020009"]
[BlackFideId "712779"]
[EventDate "2023.09.25"]
[EventType "k.o."]

1. e4 c5 2. Nf3 e6 3. d4 cxd4 4. Nxd4 a6 5. Bd3 Bc5 6. Nb3 Ba7 7. O-O Ne7 8. Qe2
O-O 9. Be3 Nbc6 10. N1d2 e5 11. Rad1 d6 12. c3 Be6 13. Bxa7 Rxa7 14. Nc4 b5 15.
Ne3 Qb6 16. Bc2 Rd7 17. Nd5 Bxd5 18. exd5 Nd8 19. Nd2 f5 20. c4 b4 21. Kh1 Ng6
22. g3 Re7 23. Rde1 Nb7 24. Qe3 Qc7 25. Qg5 Ref7 26. f4 e4 27. Qh5 Ne7 28. Qe2
Nc8 29. g4 g6 30. gxf5 gxf5 31. Rg1+ Kh8 32. Rg5 Rg7 33. Reg1 Rxg5 34. Rxg5 Nb6
35. Qh5 Qf7 36. Qxf7 Rxf7 37. b3 Nc5 38. Nf1 Nc8 39. Ng3 Ne7 40. Kg1 h6 41. Rh5
Kh7 42. Kf2 Kg6 43. Ke3 Ng8 44. Bd1 Ne7 45. Rh3 Kh7 46. Bc2 a5 47. Ne2 Rg7 48.
Rg3 Rxg3+ 49. hxg3 Kg6 50. Nd4 Kf6 51. Bd1 Nc8 52. Nc6 Nb7 53. g4 fxg4 54. Bxg4
Nb6 55. Kxe4 Nc5+ 56. Ke3 a4 57. Bd1 axb3 58. axb3 Na6 59. Kf3 Nd7 60. Kg4 Ndc5
61. Nd4 Nd3 62. Bc2 h5+ 63. Kg3 Nac5 64. f5 Ne4+ 65. Kh4 Ndc5 66. Ne6 Ke5 67.
Kxh5 Nf6+ 68. Kg6 Ncd7 69. Kf7 Nb6 70. Nd8 Nbd7 71. Nc6+ Kf4 72. Ke6 1-0

[Event "AI Cup Div 2 W"]
[Site "chess.com INT"]
[Date "2023.09.25"]
[Round "1.1"]
[White "Eljanov, Pavel"]
[Black "Sarana, Alexey"]
[Result "0-1"]
[WhiteTitle "GM"]
[BlackTitle "GM"]
[WhiteElo "2695"]
[BlackElo "2693"]
[WhiteFideId "14102951"]
[BlackFideId "24133795"]
[EventDate "2023.09.25"]
[EventType "k.o."]

1. Nf3 d5 2. g3 Nf6 3. Bg2 e6 4. O-O Be7 5. d3 c5 6. a4 Nc6 7. Bf4 Bd6 8. Bxd6
Qxd6 9. Na3 O-O 10. e4 dxe4 11. dxe4 Nxe4 12. Re1 Rd8 13. Qxd6 Nxd6 14. Rad1 f6
15. Nb5 Nf7 16. Rxd8+ Ncxd8 17. Nd2 a6 18. Na3 Rb8 19. a5 Kf8 20. Ne4 e5 21.
Nxc5 Ne6 22. Na4 Bd7 23. Nb6 Ke7 24. f4 Bc6 25. Bxc6 bxc6 26. Nac4 Rd8 27. fxe5
fxe5 28. c3 Kf6 29. Rf1+ Ke7 30. Kf2 Nc5 31. Ke2 Nb3 32. Rd1 Ke6 33. Rxd8 Nxd8
34. Kd3 Nb7 35. Na4 h5 36. h3 g6 37. Ke3 N3xa5 38. Nd2 Nd6 39. b3 Nab7 40. g4
hxg4 41. hxg4 Ne8 42. Ne4 Nf6 43. Nec5+ Nxc5 44. Nxc5+ Kd6 45. Nxa6 Nxg4+ 46.
Kf3 Nf6 47. c4 c5 48. Ke3 e4 49. Kf4 g5+ 50. Ke3 Kc6 51. b4 cxb4 52. Nxb4+ Kc5
53. Na6+ Kxc4 54. Nc7 Nd5+ 55. Kxe4 Nxc7 56. Kf5 Ne6 0-1

[Event "AI Cup Div 2 W"]
[Site "chess.com INT"]
[Date "2023.09.25"]
[Round "1.1"]
[White "Fedoseev, Vladimir3"]
[Black "Kuzubov, Yuriy"]
[Result "0-1"]
[WhiteTitle "GM"]
[BlackTitle "GM"]
[WhiteElo "2683"]
[BlackElo "2625"]
[WhiteFideId "24130737"]
[BlackFideId "14112906"]
[EventDate "2023.09.25"]
[EventType "k.o."]

1. d4 Nf6 2. c4 e6 3. Nc3 d5 4. cxd5 exd5 5. Bg5 c6 6. e3 Be7 7. Bd3 Nbd7 8.
Nge2 O-O 9. O-O Nh5 10. Bxe7 Qxe7 11. Qd2 Re8 12. Rae1 g6 13. Nc1 Ndf6 14. f3 c5
15. dxc5 Qxc5 16. Nb3 Qe7 17. g4 Ng7 18. g5 Nfh5 19. e4 dxe4 20. Nd5 Qd6 21.
fxe4 Bh3 22. Rf3 Bg4 23. Bc4 Qe5 24. Nc5 Rac8 25. Rxf7 Rxc5 26. Nf6+ Nxf6 27.
Re7+ Be6 28. gxf6 Rxe7 29. fxe7 Qg5+ 30. Qxg5 Rxg5+ 31. Kf2 Bxc4 0-1

[Event "AI Cup Div 2 W"]
[Site "chess.com INT"]
[Date "2023.09.25"]
[Round "1.1"]
[White "Keymer, Vincent"]
[Black "Hakobyan, Aram"]
[Result "1-0"]
[WhiteTitle "GM"]
[BlackTitle "GM"]
[WhiteElo "2717"]
[BlackElo "2616"]
[WhiteFideId "12940690"]
[BlackFideId "13306677"]
[EventDate "2023.09.25"]
[EventType "k.o."]

1. c4 Nf6 2. Nf3 e6 3. b3 d5 4. Bb2 c5 5. cxd5 exd5 6. g3 Nc6 7. Bg2 h5 8. e3
Bg4 9. h3 Bf5 10. O-O Be7 11. d4 h4 12. Nxh4 Bxh3 13. Bxh3 g5 14. Nf5 Rxh3 15.
Kg2 g4 16. dxc5 d4 17. e4 Bxc5 18. Nd2 Qd7 19. Rc1 Bb4 20. a3 Bxd2 21. Qxd2
O-O-O 22. Qxd4 Qe6 23. Qe5 Qxe5 24. Bxe5 Rdh8 25. Nh4 Rh6 26. Bxf6 Rxf6 27. f3
Rxh4 28. gxh4 Rg6 29. f4 Kd7 30. Kg3 Ne7 31. f5 Rb6 32. Rc3 Nc6 33. Kxg4 Ne5+
34. Kf4 f6 35. Rd1+ 1-0

[Event "AI Cup Div 2 W"]
[Site "chess.com INT"]
[Date "2023.09.25"]
[Round "1.1"]
[White "Duda, Jan-Krzysztof"]
[Black "Niemann, Hans Moke"]
[Result "1-0"]
[WhiteTitle "GM"]
[BlackTitle "GM"]
[WhiteElo "2726"]
[BlackElo "2667"]
[WhiteFideId "1170546"]
[BlackFideId "2093596"]
[EventDate "2023.09.25"]
[EventType "k.o."]

1. d4 Nf6 2. c4 e6 3. Nf3 d5 4. g3 Be7 5. Bg2 O-O 6. O-O dxc4 7. Qa4 a6 8. Qxc4
b5 9. Qc2 Bb7 10. Bd2 Ra7 11. Rd1 Nbd7 12. Ba5 Qa8 13. Qxc7 Rc8 14. Qf4 Rc2 15.
Re1 b4 16. b3 Ne4 17. a3 g5 18. Qe3 g4 19. Nfd2 Nxd2 20. Bxb7 Rxb7 21. Nxd2 bxa3
22. Qe4 Qc8 23. Qxg4+ Kf8 24. Qe4 Nf6 25. Qd3 Qc6 26. d5 exd5 27. Nc4 Rxc4 28.
bxc4 dxc4 29. Qd4 Bc5 30. Qd8+ Kg7 31. Bc3 Rb3 32. Rec1 a5 33. Qxa5 Kg6 34. Bxf6
Kxf6 35. Qd8+ Kg6 36. Qg8+ Kf6 37. Qxh7 c3 38. Qh6+ 1-0

[Event "AI Cup Div 2 W"]
[Site "chess.com INT"]
[Date "2023.09.25"]
[Round "1.1"]
[White "Safarli, Eltaj"]
[Black "Artemiev, Vladislav"]
[Result "1/2-1/2"]
[WhiteTitle "GM"]
[BlackTitle "GM"]
[WhiteElo "2612"]
[BlackElo "2697"]
[WhiteFideId "13402129"]
[BlackFideId "24101605"]
[EventDate "2023.09.25"]
[EventType "k.o."]

1. e4 e5 2. Nf3 Nc6 3. Bb5 a6 4. Ba4 Nf6 5. Nc3 b5 6. Bb3 Be7 7. a4 Rb8 8. axb5
axb5 9. d3 d6 10. Nd5 Nxd5 11. Bxd5 Nb4 12. Bb3 c5 13. c3 Na6 14. O-O O-O 15.
Re1 Nc7 16. h3 b4 17. Be3 Be6 18. Bxe6 Nxe6 19. d4 bxc3 20. bxc3 exd4 21. cxd4
Bf6 22. Rc1 cxd4 23. Nxd4 Bxd4 24. Bxd4 d5 25. Be5 Rb5 26. Qd3 Ra5 27. Rcd1 dxe4
28. Qxd8 Rxd8 29. Rxd8+ Nxd8 30. Bc7 Rd5 31. Bxd8 Rxd8 32. Rxe4 g6 33. g3 1/2-1/2

[Event "AI Cup Div 2 W"]
[Site "chess.com INT"]
[Date "2023.09.25"]
[Round "1.1"]
[White "Andreikin, Dmitry"]
[Black "Antipov, Mikhail Al."]
[Result "1-0"]
[WhiteTitle "GM"]
[BlackTitle "GM"]
[WhiteElo "2729"]
[BlackElo "2600"]
[WhiteFideId "4158814"]
[BlackFideId "4107012"]
[EventDate "2023.09.25"]
[EventType "k.o."]

1. c4 Nf6 2. Nc3 e5 3. e3 Bb4 4. Nge2 O-O 5. a3 Be7 6. g3 c6 7. d4 exd4 8. Qxd4
d5 9. cxd5 cxd5 10. Bg2 Nc6 11. Qd1 Ne5 12. O-O Bg4 13. h3 Bf3 14. Bxf3 Nxf3+
15. Kg2 Ng5 16. Nf4 Qd6 17. h4 Nge4 18. Nfxd5 Nxd5 19. Qxd5 Nxc3 20. Qxd6 Bxd6
21. bxc3 Be5 22. Bb2 Rac8 23. Rac1 Rfd8 24. f4 Bf6 25. e4 Kf8 26. Rfd1 Ke8 27.
Kf3 g6 28. Ke2 Rc4 29. e5 Be7 30. Rd4 b5 31. Rcd1 Rc6 32. a4 a6 33. axb5 axb5
34. Rxd8+ Bxd8 35. Rd5 h5 36. Rxb5 Ke7 37. Kd3 Ke6 38. c4 Be7 39. Bd4 Kf5 40.
Rb7 Re6 41. c5 Kg4 42. c6 1-0

[Event "AI Cup Div 2 W"]
[Site "chess.com INT"]
[Date "2023.09.25"]
[Round "1.1"]
[White "Dominguez Perez, Leinier"]
[Black "Saric, Ivan"]
[Result "1-0"]
[WhiteTitle "GM"]
[BlackTitle "GM"]
[WhiteElo "2745"]
[BlackElo "2647"]
[WhiteFideId "3503240"]
[BlackFideId "14508150"]
[EventDate "2023.09.25"]
[EventType "k.o."]

1. e4 c5 2. Nf3 d6 3. d4 cxd4 4. Nxd4 Nf6 5. Nc3 Nc6 6. Bg5 e6 7. Qd2 a6 8.
O-O-O Bd7 9. Kb1 Nxd4 10. Qxd4 Be7 11. f4 Bc6 12. Bc4 h6 13. Bh4 O-O 14. f5 exf5
15. e5 dxe5 16. Qxe5 Bd7 17. g4 Re8 18. gxf5 Qc8 19. Rhg1 Kf8 20. Rxg7 Kxg7 21.
Bxf6+ Kh7 22. Bxe7 Qxc4 23. Nd5 Rxe7 24. Qxe7 1-0

[Event "AI Cup Div 2 W"]
[Site "chess.com INT"]
[Date "2023.09.25"]
[Round "1.2"]
[White "Artemiev, Vladislav"]
[Black "Safarli, Eltaj"]
[Result "1-0"]
[WhiteTitle "GM"]
[BlackTitle "GM"]
[WhiteElo "2697"]
[BlackElo "2612"]
[WhiteFideId "24101605"]
[BlackFideId "13402129"]
[EventDate "2023.09.25"]
[EventType "k.o."]

1. Nf3 Nf6 2. c4 c5 3. g3 g6 4. Bg2 Bg7 5. Nc3 Nc6 6. d4 cxd4 7. Nxd4 O-O 8. Nc2
d6 9. b3 Bf5 10. Bb2 Ne4 11. Bxe4 Bxe4 12. O-O Qa5 13. Qd2 Bxc2 14. Qxc2 Nd4 15.
Qd3 Qf5 16. e4 Qf3 17. Qxf3 Nxf3+ 18. Kg2 Ng5 19. Rfe1 Rac8 20. Rad1 Ne6 21. Nd5
Rfe8 22. e5 Bxe5 23. Bxe5 dxe5 24. Rxe5 Kf8 25. Nc3 Red8 26. Red5 Rxd5 27. Rxd5
Ke8 28. Kf3 Nc5 29. Ke3 e6 30. Rd2 Ke7 31. f4 h5 32. Nb5 a6 33. Nd6 Rc6 34. Ne4
Nxe4 35. Kxe4 b5 36. Rd4 bxc4 37. Rxc4 Rxc4+ 38. bxc4 f6 39. c5 Kd7 40. Kd4 Kc6
41. Kc4 a5 42. h3 a4 43. Kb4 a3 44. Kxa3 Kxc5 45. Kb3 Kd4 46. a4 e5 47. fxe5
Kxe5 48. Kc4 g5 49. a5 Kd6 50. g4 hxg4 51. hxg4 1-0

[Event "AI Cup Div 2 W"]
[Site "chess.com INT"]
[Date "2023.09.25"]
[Round "1.2"]
[White "Saric, Ivan"]
[Black "Dominguez Perez, Leinier"]
[Result "0-1"]
[WhiteTitle "GM"]
[BlackTitle "GM"]
[WhiteElo "2647"]
[BlackElo "2745"]
[WhiteFideId "14508150"]
[BlackFideId "3503240"]
[EventDate "2023.09.25"]
[EventType "k.o."]

1. e4 e5 2. Nf3 Nc6 3. Bb5 Nf6 4. d3 Bc5 5. c3 O-O 6. O-O d5 7. Nbd2 dxe4 8.
dxe4 a5 9. Qc2 Qe7 10. a4 Rd8 11. h3 Nb8 12. Re1 h6 13. Nf1 c6 14. Bc4 Re8 15.
Ng3 Qc7 16. Nh4 Be6 17. Bxe6 Rxe6 18. Nhf5 Na6 19. Qe2 Rd8 20. Qf3 Bf8 21. h4
Nc5 22. Be3 b5 23. Bxc5 Bxc5 24. Red1 Rxd1+ 25. Rxd1 bxa4 26. Rd2 a3 27. bxa3
Bxa3 28. Qd1 Bf8 29. Ne3 Rd6 30. Nc4 Rxd2 31. Qxd2 a4 32. Qa2 a3 33. f3 Nd7 34.
Nf5 Nb6 35. Nfe3 Nxc4 36. Nxc4 Qd8 37. g3 Qd1+ 38. Kg2 Qc1 39. Qb3 h5 40. Kh2
Bc5 41. g4 Qg1+ 42. Kh3 Qf1+ 43. Kg3 0-1

[Event "AI Cup Div 2 W"]
[Site "chess.com INT"]
[Date "2023.09.25"]
[Round "1.2"]
[White "Kuzubov, Yuriy"]
[Black "Fedoseev, Vladimir3"]
[Result "1/2-1/2"]
[WhiteTitle "GM"]
[BlackTitle "GM"]
[WhiteElo "2625"]
[BlackElo "2683"]
[WhiteFideId "14112906"]
[BlackFideId "24130737"]
[EventDate "2023.09.25"]
[EventType "k.o."]

1. d4 d5 2. c4 c6 3. Nf3 Nf6 4. cxd5 cxd5 5. Nc3 Nc6 6. Bf4 Bf5 7. e3 e6 8. Bd3
Bg6 9. O-O Be7 10. Rc1 O-O 11. Ne5 Rc8 12. Nxg6 hxg6 13. h3 a6 14. Na4 Nd7 15.
a3 b5 16. Nc5 Nxc5 17. dxc5 Bf6 18. Qe2 Qa5 19. Bd6 Rfd8 20. Rfd1 Qa4 21. Qc2
Qh4 22. Bg3 Qh6 23. a4 bxa4 24. Bxa6 Nb4 25. Qxa4 Nxa6 26. Qxa6 Bxb2 27. Rc2 Ra8
28. Qe2 Bf6 29. c6 Qg5 30. c7 Rdc8 31. e4 Be5 32. Bxe5 Qxe5 33. exd5 Qxe2 34.
Rxe2 exd5 35. Re7 1/2-1/2

[Event "AI Cup Div 2 W"]
[Site "chess.com INT"]
[Date "2023.09.25"]
[Round "1.2"]
[White "Hakobyan, Aram"]
[Black "Keymer, Vincent"]
[Result "1/2-1/2"]
[WhiteTitle "GM"]
[BlackTitle "GM"]
[WhiteElo "2616"]
[BlackElo "2717"]
[WhiteFideId "13306677"]
[BlackFideId "12940690"]
[EventDate "2023.09.25"]
[EventType "k.o."]

1. d4 Nf6 2. c4 e6 3. Nc3 Bb4 4. e3 O-O 5. Bd3 d5 6. cxd5 exd5 7. Ne2 Re8 8. O-O
Bd6 9. Bd2 b6 10. Nf4 Bxf4 11. exf4 c5 12. Be3 c4 13. Bc2 Nc6 14. f5 Nb4 15. Bb1
Ne4 16. Bxe4 dxe4 17. f6 Nd5 18. fxg7 Nxc3 19. bxc3 Qd5 20. Bf4 Re6 21. Re1 Bb7
22. Re3 Qf5 23. Be5 f6 24. Bg3 Kxg7 25. Qa4 Qd5 26. Rae1 a6 27. Bf4 h5 28. Qd1
Rh8 29. h4 Kf7 30. Rg3 Ree8 31. Qb1 b5 32. Ree3 Qf5 33. Be5 Qh7 34. Bc7 Rhg8 35.
Qb4 Qf5 36. Qd6 Qe6 37. Qf4 Rxg3 38. Rxg3 Rg8 39. Rxg8 Kxg8 40. Bd8 e3 41. fxe3
Qe4 42. Qxe4 Bxe4 43. Bxf6 Kf7 44. Be5 a5 45. a3 Ke6 46. Kf2 b4 47. cxb4 axb4
48. axb4 c3 49. Ke2 Kd5 50. b5 Bxg2 51. b6 Kc4 52. Kd1 Be4 53. Kc1 Kb5 54. Bc7
Kc4 55. Bd8 Bd5 56. Be7 Be4 57. Bg5 Kb5 58. Bd8 Kc4 59. Bc7 Bd5 60. Bd6 Be4 61.
Bc5 Bd5 62. Ba3 Be4 63. Bf8 Kb5 64. d5 Bxd5 65. Bg7 Kc4 66. Bd4 Be4 67. Bg7 Kb3
68. Bd4 Kc4 69. Bh8 Kb3 70. Bd4 Kc4 1/2-1/2

[Event "AI Cup Div 2 W"]
[Site "chess.com INT"]
[Date "2023.09.25"]
[Round "1.2"]
[White "Antipov, Mikhail Al."]
[Black "Andreikin, Dmitry"]
[Result "1/2-1/2"]
[WhiteTitle "GM"]
[BlackTitle "GM"]
[WhiteElo "2600"]
[BlackElo "2729"]
[WhiteFideId "4107012"]
[BlackFideId "4158814"]
[EventDate "2023.09.25"]
[EventType "k.o."]

1. e4 e6 2. d4 d5 3. Nd2 c5 4. Ngf3 cxd4 5. exd5 Qxd5 6. Bc4 Qd6 7. Ne4 Qb4+ 8.
Nfd2 Nc6 9. O-O Bd7 10. c3 Qb6 11. Bb3 Na5 12. Ba4 Rd8 13. b4 Bxa4 14. Qxa4+ Nc6
15. b5 Ne5 16. Nb3 Nd3 17. cxd4 Nf6 18. Nxf6+ gxf6 19. Rd1 Nxc1 20. Raxc1 Bh6
21. Rc3 Rg8 22. g3 Rg5 23. Rc5 Rgd5 24. Kg2 Bf8 25. Rxd5 Rxd5 26. Rc1 Be7 27.
Rc8+ Rd8 28. Qc4 Qd6 29. a4 b6 30. Nd2 f5 31. Nf3 Bf6 32. h4 Rxc8 33. Qxc8+ Ke7
34. Qc4 h5 35. Kf1 Qd7 36. Ke2 Qb7 37. Qb4+ Ke8 38. Qc3 Qe4+ 39. Kf1 Kf8 40.
Qc8+ Kg7 41. Qc3 f4 42. gxf4 Qxf4 43. Qe3 Qg4 44. Ke1 Bxh4 45. Nxh4 Qxh4 46.
Qe5+ Kg6 47. Qd6 Qe4+ 48. Kf1 h4 49. Qb8 Kg7 50. Qh2 Qxd4 51. Qg2+ Kf6 52. Qf3+
Kg6 53. Qg2+ Kh6 54. Qf3 f5 55. Qc6 Qd3+ 56. Kg1 Qe4 57. Qe8 Kg5 58. Qe7+ Kg4
59. Qg7+ Kf3 60. Qc3+ Kf4 61. Kh2 Kg4 62. a5 bxa5 63. Qxa5 Qf4+ 64. Kg1 Qc1+ 65.
Kh2 Qc5 66. Qa2 Qe5+ 67. Kg1 Qe1+ 68. Kh2 Qe5+ 69. Kg1 h3 70. Qxa7 Qe1+ 71. Kh2
Qe5+ 72. Kg1 Qxb5 73. Qg7+ Kf4 74. Qd4+ Kg5 75. Qg7+ Kh5 76. Qh7+ Kg4 77. Qg7+
Kf3 78. Qc3+ Ke4 79. Qe3+ Kd5 80. Qxh3 Qb1+ 81. Kh2 Qe4 82. Qb3+ Ke5 83. Qb8+
Kd4 84. Qb6+ Kd3 85. Kg1 Qe1+ 86. Kg2 Qe4+ 87. Kg1 Ke2 88. Qb2+ Kf3 89. Qc3+ Kg4
90. Qg7+ Kh5 91. Qh7+ Kg5 92. Qg7+ Kh5 93. Qh7+ Kg5 94. Qg7+ Kh5 1/2-1/2

[Event "AI Cup Div 2 W"]
[Site "chess.com INT"]
[Date "2023.09.25"]
[Round "1.2"]
[White "Niemann, Hans Moke"]
[Black "Duda, Jan-Krzysztof"]
[Result "1/2-1/2"]
[WhiteTitle "GM"]
[BlackTitle "GM"]
[WhiteElo "2667"]
[BlackElo "2726"]
[WhiteFideId "2093596"]
[BlackFideId "1170546"]
[EventDate "2023.09.25"]
[EventType "k.o."]

1. e4 c5 2. Nf3 d6 3. Bb5+ Bd7 4. Bxd7+ Nxd7 5. O-O Ngf6 6. d3 e6 7. c4 Be7 8.
Nc3 Ne5 9. Ne1 Nc6 10. f4 O-O 11. Nf3 a6 12. a4 Rb8 13. h3 Ne8 14. Be3 Nc7 15.
d4 b5 16. axb5 cxd4 17. Nxd4 Nxd4 18. Bxd4 axb5 19. cxb5 Nxb5 20. Nxb5 Rxb5 21.
Qd3 Rb7 22. f5 Bf6 23. fxe6 Bxd4+ 24. Qxd4 fxe6 25. Rxf8+ Qxf8 26. Qc4 Rxb2 27.
Qxe6+ Kh8 28. Rf1 Qb8 29. Rf7 h6 30. Re7 Qb6+ 31. Kh2 Qf2 32. Re8+ Kh7 33. Qg8+
Kg6 34. Re6+ Kh5 35. Qxg7 Qf4+ 36. Qg3 Qxg3+ 37. Kxg3 Rd2 38. h4 Rd1 39. Rf6 Re1
40. Re6 Rd1 41. Kf4 Rf1+ 42. Ke3 Re1+ 43. Kf2 Rd1 44. Kg3 Re1 45. Kf3 Rf1+ 46.
Ke2 Rg1 47. Kf2 Rd1 48. g3 Rd3 49. Kg2 d5 50. e5 Re3 51. Kh3 d4 52. Ra6 d3 53.
Rf6 d2 54. Rd6 d1=Q 55. Rxd1 Rxe5 56. Rd6 Re3 57. Kg2 Rxg3+ 58. Kxg3 1/2-1/2

[Event "AI Cup Div 2 W"]
[Site "chess.com INT"]
[Date "2023.09.25"]
[Round "1.2"]
[White "Sarana, Alexey"]
[Black "Eljanov, Pavel"]
[Result "1-0"]
[WhiteTitle "GM"]
[BlackTitle "GM"]
[WhiteElo "2693"]
[BlackElo "2695"]
[WhiteFideId "24133795"]
[BlackFideId "14102951"]
[EventDate "2023.09.25"]
[EventType "k.o."]

1. d4 Nf6 2. c4 e6 3. Nc3 Bb4 4. e3 O-O 5. Bd3 c5 6. Ne2 cxd4 7. exd4 d5 8. c5
e5 9. dxe5 Nfd7 10. O-O Nxe5 11. Nxd5 Nxd3 12. Qxd3 Bxc5 13. Bf4 Be6 14. Nec3
Nc6 15. Rad1 Nb4 16. Qb5 Nxd5 17. Nxd5 Rc8 18. Nc7 Qe7 19. Qxb7 Bb6 20. Rc1 Bxa2
21. Qxc8 Rxc8 22. Nd5 Qc5 23. Ne7+ Qxe7 24. Rxc8+ Bd8 25. Rd1 h6 26. Rcxd8+ Kh7
27. Be3 a5 28. h3 a4 29. R8d4 Bb3 30. Rc1 Qe5 31. Rc8 Qf5 32. Rc1 Qe5 33. Rc3
Qf5 34. Rd2 Qb1+ 35. Kh2 Qf5 36. Rc5 Qf6 37. Rd4 Qe7 38. Rg4 Qd6+ 39. Rg3 Qf6
40. Rc3 Qe5 41. Rd3 Qc7 42. Bd4 f6 43. Rc3 Qd6 44. Bc5 Qb8 45. Be3 h5 46. h4 Qb4
47. Rc7 Qf8 48. Bc5 Qg8 49. Bd4 Qf8 50. Kg1 Kg8 51. Bc5 1-0

[Event "AI Cup Div 2 W"]
[Site "chess.com INT"]
[Date "2023.09.25"]
[Round "1.2"]
[White "Gledura, Benjamin"]
[Black "Caruana, Fabiano"]
[Result "0-1"]
[WhiteTitle "GM"]
[BlackTitle "GM"]
[WhiteElo "2633"]
[BlackElo "2786"]
[WhiteFideId "712779"]
[BlackFideId "2020009"]
[EventDate "2023.09.25"]
[EventType "k.o."]

1. d4 d5 2. c4 e6 3. Nf3 Nf6 4. e3 Bd6 5. c5 Be7 6. b4 O-O 7. a4 b6 8. Qc2 c6 9.
Bd3 Qc7 10. Ba3 bxc5 11. bxc5 Ba6 12. O-O Bxd3 13. Qxd3 Nbd7 14. Nbd2 e5 15.
Nxe5 Nxe5 16. dxe5 Qxe5 17. Nf3 Qc7 18. Nd4 Ng4 19. Nf3 Bf6 20. Rab1 Rab8 21.
Bb4 Ne5 22. Nxe5 Qxe5 23. g3 h5 24. h4 Rfe8 25. Bd2 Qe4 26. Qxe4 dxe4 27. Rfc1
Rxb1 28. Rxb1 Rd8 29. Be1 Rd5 30. Kf1 Rxc5 31. Rb7 a5 32. Ra7 Rc1 33. Ke2 Ra1
34. Ra6 Ra2+ 35. Kd1 Rxa4 36. Rxc6 Ra1+ 37. Ke2 a4 38. Ba5 a3 39. Bd8 Bb2 40.
Be7 a2 41. Ra6 Bc3 0-1

[Event "AI Cup Div 2 W"]
[Site "chess.com INT"]
[Date "2023.09.25"]
[Round "1.3"]
[White "Fedoseev, Vladimir3"]
[Black "Kuzubov, Yuriy"]
[Result "1-0"]
[WhiteTitle "GM"]
[BlackTitle "GM"]
[WhiteElo "2683"]
[BlackElo "2625"]
[WhiteFideId "24130737"]
[BlackFideId "14112906"]
[EventDate "2023.09.25"]
[EventType "k.o."]

1. e4 e5 2. Nf3 Nf6 3. d4 Nxe4 4. Bd3 d5 5. Nxe5 Nd7 6. Ng4 Ndf6 7. Ne3 c5 8. c3
cxd4 9. cxd4 Bb4+ 10. Nd2 O-O 11. O-O Re8 12. Nf3 Bd6 13. Qb3 Rb8 14. g3 Qa5 15.
Bb5 Re7 16. Kg2 a6 17. Bd3 Bd7 18. a4 Rbe8 19. h3 Qc7 20. Bxe4 dxe4 21. Nd2 b5
22. axb5 axb5 23. Rh1 Rc8 24. Ndf1 Qb7 25. Bd2 b4 26. d5 Re5 27. Nc4 Rxd5 28.
Be3 Rd3 29. Nxd6 Rxd6 30. Kh2 Rd3 31. Qa2 Nd5 32. Kg1 h6 33. Qa5 Be6 34. Rh2 Qc7
35. Qa6 Qd7 36. Re1 Bxh3 37. Bc1 Be6 38. Rxe4 Rd1 39. Bd2 Nf6 40. Re1 Rxd2 41.
Rxe6 Rd1 42. Re7 Rxf1+ 43. Kxf1 Rc1+ 44. Re1 Rxe1+ 45. Kxe1 Qf5 46. Rh4 Qb1+ 47.
Ke2 Qxb2+ 48. Kf1 Qb1+ 49. Kg2 b3 50. Rb4 Qc2 51. Qb7 h5 52. Qf3 b2 53. Qb7 Ng4
54. Rxb2 Qf5 55. Re2 g6 56. Qa8+ Kh7 57. Qa1 Qd5+ 58. Kg1 Qf5 59. Qd4 Qf6 60.
Qd5 Kg7 61. Kg2 h4 62. f3 Nh6 63. g4 Kh7 64. g5 Qf5 65. Qd2 Ng8 66. Re4 h3+ 67.
Kg3 Kg7 68. Qc3+ Kf8 69. Qe3 Kg7 70. Re5 Qd7 71. Rc5 Ne7 72. Qe5+ Kg8 73. Rc7
Nf5+ 74. Kxh3 Qd8 75. Rb7 Ne7 76. Rxe7 1-0

[Event "AI Cup Div 2 W"]
[Site "chess.com INT"]
[Date "2023.09.25"]
[Round "1.3"]
[White "Dominguez Perez, Leinier"]
[Black "Saric, Ivan"]
[Result "0-1"]
[WhiteTitle "GM"]
[BlackTitle "GM"]
[WhiteElo "2745"]
[BlackElo "2647"]
[WhiteFideId "3503240"]
[BlackFideId "14508150"]
[EventDate "2023.09.25"]
[EventType "k.o."]

1. e4 c6 2. d4 d5 3. e5 Bf5 4. Nf3 e6 5. Be2 Ne7 6. O-O Nd7 7. Nbd2 Ng6 8. Nb3
f6 9. Be3 fxe5 10. dxe5 Ngxe5 11. Nxe5 Nxe5 12. Nd4 Bd6 13. Nxf5 exf5 14. c4 O-O
15. cxd5 f4 16. Bd4 f3 17. Bxe5 fxg2 18. Kxg2 Bxe5 19. dxc6 Qg5+ 20. Kh1 bxc6
21. Qb3+ Kh8 22. Qh3 Rf6 23. Qg4 Qh6 24. f4 Rxf4 25. Rxf4 Bxf4 26. Qg2 Rd8 27.
Rd1 Rxd1+ 28. Bxd1 Qh4 29. Qe2 g6 30. Bb3 Kg7 31. Bc2 c5 32. b3 Kh6 33. Be4 Qf6
34. Bf3 Kg7 35. Kg2 h5 36. Be4 Qh4 37. Qf3 Qxh2+ 38. Kf1 Qg3 39. Qe2 Be3 40. Bg2
h4 41. Qf3 Qe5 42. Qe4 Qa1+ 43. Ke2 Bg5 44. Qb7+ Kh6 45. Be4 Qxa2+ 46. Kd3 Qd2+
47. Kc4 Qd4+ 48. Kb5 Qb4+ 49. Ka6 Qxb7+ 50. Bxb7 Be3 51. Kb5 Kg5 52. Kc4 Kf4 53.
Kd3 g5 54. Ke2 g4 55. Bc8 Bd4 56. Bd7 h3 57. Bc8 Kg3 58. Kf1 Kh4 0-1

[Event "AI Cup Div 2 W"]
[Site "chess.com INT"]
[Date "2023.09.25"]
[Round "1.3"]
[White "Caruana, Fabiano"]
[Black "Gledura, Benjamin"]
[Result "1/2-1/2"]
[WhiteTitle "GM"]
[BlackTitle "GM"]
[WhiteElo "2786"]
[BlackElo "2633"]
[WhiteFideId "2020009"]
[BlackFideId "712779"]
[EventDate "2023.09.25"]
[EventType "k.o."]

1. d4 d5 2. c4 e6 3. Nf3 Nf6 4. Nc3 c6 5. e3 Nbd7 6. Qc2 a5 7. b3 a4 8. Nxa4
dxc4 9. bxc4 Qa5+ 10. Nc3 Ne4 11. Bd2 Nxd2 12. Nxd2 Bb4 13. Rc1 Bxc3 14. Qxc3
Qxc3 15. Rxc3 Rxa2 16. Bd3 Ke7 17. Ke2 e5 18. Rc2 Ra3 19. Rb1 exd4 20. exd4 Rd8
21. Rb3 Ra5 22. c5 Nf8 23. Nc4 Ra4 24. d5 cxd5 25. Nb6 Ra7 26. Rb4 Be6 27. Ke3
Ra3 28. Rcb2 Bf5 29. R4b3 Rxb3 30. Rxb3 Bxd3 31. Rxd3 Ke6 32. Kd4 f6 33. f4 Ng6
34. g3 Ne7 35. Ke3 Nc6 36. Kf3 h5 37. Re3+ Kf5 38. Rd3 d4 39. Nc4 Ke6 40. Rb3
Kd5 41. Nd6 Rd7 42. Nxb7 Kc4 43. Rb1 d3 44. Nd6+ Kc3 45. Ne4+ Kc2 46. Rb6 Nd4+
47. Ke3 Nf5+ 48. Kf3 Re7 49. Nf2 Nd4+ 50. Kg2 d2 51. Rd6 Nb5 52. Rd8 Nc3 53. c6
Rc7 54. Rd6 f5 55. Kf3 Ne4 56. Nxe4 fxe4+ 57. Ke2 e3 58. h3 Rf7 59. Rd5 Kc3 60.
Rd6 Re7 61. Rd7 Re6 62. c7 Rc6 63. g4 hxg4 64. hxg4 Kc2 65. f5 Kc1 66. g5 Rc2
67. Kxe3 d1=Q 68. Rxd1+ Kxd1 69. f6 Rxc7 70. fxg7 Rxg7 71. Kf4 Ke2 72. Kf5 Kf3
73. g6 Ra7 74. Kf6 Kf4 75. g7 Ra8 76. Kf7 Kf5 77. g8=Q Rxg8 78. Kxg8 1/2-1/2